header

Pre-teen and teenage pregnancy (Record no. 229375)

MARC details
000 -LEADER
fixed length control field 01323nam a2200349 a 4500
082 04 - DEWEY DECIMAL CLASSIFICATION NUMBER
Classification number 618.200835
245 00 - TITLE STATEMENT
Title Pre-teen and teenage pregnancy
260 ## - PUBLICATION, DISTRIBUTION, ETC. (IMPRINT)
Place of publication Keswick [England] :
Name of publisher M&K Update,
Year of publication 2007.
300 ## - PHYSICAL DESCRIPTION
Number of Pages x, 170 p. :
Other physical details ill.
650 #0 - SUBJECT ADDED ENTRY--TOPICAL TERM
Topical Term Teenage pregnancy.
Topical Term Teenage parents.
Topical Term Teenage mothers.
700 1# - ADDED ENTRY--PERSONAL NAME
Personal name Leishman, June L.
Personal name Moir, James.
856 40 - ELECTRONIC LOCATION AND ACCESS
Uniform Resource Identifier http://site.ebrary.com/lib/rucke/Doc?id=10459603

No items available.

© 2026 Rongo University
Contact us: librarian | system librarian | Rongo university